Agricultural pollution : (Record no. 332338)

000 -LEADER
fixed length control field 01285cam a22002894a 4500
001 - CONTROL NUMBER
control field 12794668
003 - CONTROL NUMBER IDENTIFIER
control field NUST
005 - DATE AND TIME OF LATEST TRANSACTION
control field 20171124142020.0
008 - FIXED-LENGTH DATA ELEMENTS--GENERAL INFORMATION
fixed length control field 020530s2002 enkab b 001 0 eng
010 ## - LIBRARY OF CONGRESS CONTROL NUMBER
LC control number 2002070753
020 ## - INTERNATIONAL STANDARD BOOK NUMBER
International Standard Book Number 0415273404
020 ## - INTERNATIONAL STANDARD BOOK NUMBER
International Standard Book Number 0419213902 (pbk.)
040 ## - CATALOGING SOURCE
Original cataloging agency DLC
Transcribing agency DLC
Modifying agency DLC
042 ## - AUTHENTICATION CODE
Authentication code pcc
050 00 - LIBRARY OF CONGRESS CALL NUMBER
Classification number TD195.A34
Item number A367 2002
082 00 - DEWEY DECIMAL CLASSIFICATION NUMBER
Classification number 628.52 GRA
Edition number 21
245 00 - TITLE STATEMENT
Title Agricultural pollution :
Remainder of title environmental problems and practical solutions /
Statement of responsibility, etc. Graham Merrington ... [edited al.].
260 ## - PUBLICATION, DISTRIBUTION, ETC.
Place of publication, distribution, etc. London :
-- New York :
Name of publisher, distributor, etc. Spon Press,
Date of publication, distribution, etc. 2002.
300 ## - PHYSICAL DESCRIPTION
Extent xiv, 243 p. :
Other physical details ill., map ;
Dimensions 24 cm.
440 #0 - SERIES STATEMENT/ADDED ENTRY--TITLE
Title Spon's environmental science and engineering series.
9 (RLIN) 6780
500 ## - GENERAL NOTE
General note P.B
504 ## - BIBLIOGRAPHY, ETC. NOTE
Bibliography, etc. note Includes bibliographical references and indexes.
650 #0 - SUBJECT ADDED ENTRY--TOPICAL TERM
Topical term or geographic name entry element Agricultural pollution.
9 (RLIN) 6032
650 #0 - SUBJECT ADDED ENTRY--TOPICAL TERM
Topical term or geographic name entry element Agriculture and state.
9 (RLIN) 6781
700 1# - ADDED ENTRY--PERSONAL NAME
Personal name Merrington, Graham,
Dates associated with a name 1968-
9 (RLIN) 6782
856 42 - ELECTRONIC LOCATION AND ACCESS
Materials specified Publisher description
Uniform Resource Identifier <a href="http://www.loc.gov/catdir/enhancements/fy0650/2002070753-d.html">http://www.loc.gov/catdir/enhancements/fy0650/2002070753-d.html</a>
906 ## - LOCAL DATA ELEMENT F, LDF (RLIN)
a 7
b cbc
c orignew
d 1
e ocip
f 20
g y-gencatlg
942 ## - ADDED ENTRY ELEMENTS (KOHA)
Source of classification or shelving scheme
Koha item type Book
Call number prefix IESE
Holdings
Withdrawn status Lost status Source of classification or shelving scheme Damaged status Not for loan Collection code Permanent Location Current Location Shelving location Date acquired Total Checkouts Full call number Barcode Date last seen Date last checked out Price effective from Koha item type
            Central Library (CL) Central Library (CL) General Stacks 11/24/2017 1 628.52 GRA IESE-799 12/31/2025 12/07/2025 11/24/2017 Book
© 2023 Central Library, National University of Sciences and Technology. All Rights Reserved.